000 00827nam a2200253 i 4500
001 180855
003 ES-MaACL
005 20250821102028.0
008 120720s1991 sp ao |||| | spa d
020 _a84-7679-199-2
080 _a72.032.77(460)
100 1 _aJiménez Martín, Alfonso.
_9151107
245 1 0 _aArquitectura del territorio de Hispania /
_cpor Alfonso Jiménez Martín.
260 _aMadrid :
_bHistoria Viva,
_c[1991]
300 _aVIII, 31 p. :
_bil. col. y n. ;
_c24 cm.
490 1 _aCuadernos de arte español ;
_v54
504 _aBibliografía: p. 31.
594 _aEn cub.: Historia 16.
650 7 _aArquitectura romana.
_910056
650 0 4 _aArte romano-
_zEspaña.
_910316
830 0 0 _aCuadernos de arte español
_v54
_9191338
852 _aES-MaACL
_j2314-F-30
999 _c180855
_d180855